Benzodiazepine receptor inverse agonists (Record no. 582897)
[ view plain ]
| 000 -LEADER | |
|---|---|
| fixed length control field | 00561nam a22001817a 4500 |
| 003 - CONTROL NUMBER IDENTIFIER | |
| control field | CEME |
| 005 - DATE AND TIME OF LATEST TRANSACTION | |
| control field | 20210628205947.0 |
| 008 - FIXED-LENGTH DATA ELEMENTS--GENERAL INFORMATION | |
| fixed length control field | 210209b xxu||||| |||| 00| 0 eng d |
| 020 ## - INTERNATIONAL STANDARD BOOK NUMBER | |
| International Standard Book Number | 0-471-56173-8 |
| 040 ## - CATALOGING SOURCE | |
| Transcribing agency | . |
| 082 ## - DEWEY DECIMAL CLASSIFICATION NUMBER | |
| Classification number | 615.78 BEN |
| 100 ## - MAIN ENTRY--PERSONAL NAME | |
| Personal name | Sarter, Martin Nutt, David.J Lister, Richard.G |
| 9 (RLIN) | 77672 |
| 245 ## - TITLE STATEMENT | |
| Title | Benzodiazepine receptor inverse agonists |
| 260 ## - PUBLICATION, DISTRIBUTION, ETC. | |
| Place of publication, distribution, etc. | NEWYORK |
| Name of publisher, distributor, etc. | WILEY LIS |
| Date of publication, distribution, etc. | 1995 |
| 300 ## - PHYSICAL DESCRIPTION | |
| Extent | 304P |
| 650 ## - SUBJECT ADDED ENTRY--TOPICAL TERM | |
| Topical term or geographic name entry element | BENZODIAZEPINES-ARGNISTS BENZODIAZEPINES-ANTAGONISTS BENZODIAZEPINES-RECEPTORS GABA-RECEPTORS |
| 9 (RLIN) | 77673 |
| 942 ## - ADDED ENTRY ELEMENTS (KOHA) | |
| Koha item type | Book |
| Source of classification or shelving scheme | |
| Withdrawn status | Lost status | Source of classification or shelving scheme | Damaged status | Not for loan | Permanent Location | Current Location | Shelving location | Date acquired | Full call number | Barcode | Date last seen | Price effective from | Koha item type | Public note |
|---|---|---|---|---|---|---|---|---|---|---|---|---|---|---|
| College of Electrical & Mechanical Engineering (CEME) | College of Electrical & Mechanical Engineering (CEME) | General Stacks | 06/09/2017 | 615.78 BEN | CEME-33181 | 06/28/2021 | 06/28/2021 | Book | 4.0 |
